American Intelligence Agencies - Acronyms - Statistics

General Stats
  • This quiz has been taken 52 times
  • The average score is 4 of 17
Answer Stats
Acronym Agency % Correct
CIA Central Intelligence Agency
96%
FBI Federal Bureau of Investigations
89%
NSA National Security Agency
82%
DIA Defense Intelligence Agency
36%
ONI Office of Naval Intelligence
20%
NRO National Reconnaissance Office
18%
NGIA National Geospatial Intelligence Agency
11%
25 AF 25th Air Force
9%
CGI Coast Guard Intelligence
9%
ONSI (NSI) Office of National Security Intelligence
7%
INR (Bureau of) Intelligence and Research
2%
CSS Central Security Service
2%
MCIA Marine Corps Intelligence Activity
2%
ISC Intelligence and Security Command
0%
OIA Office of Intelligence Analysis
0%
OIC Office of Intelligence and Counterintelligence
0%
OTFI Office of Terrorism and Financial Intelligence
0%
No matching quizzes found
Score Distribution
Percent of People with Each Score
Percentile by Number Answered
Your Score History
You have not taken this quiz